<The> Strategic Management of Technological Innovation
Gespeichert in:
| Format: | Buch |
|---|---|
| Sprache: | Englisch |
| Veröffentlicht: |
Chichester
Wiley and Sons
1990
|
| Ausgabe: | 1. ed. |
| Tags: |
Keine Tags, Fügen Sie das erste Tag hinzu!
|
MARC
| LEADER | 00000nam a2200000 4500 | ||
|---|---|---|---|
| 001 | c039502 | ||
| 005 | 20250609112116.5 | ||
| 041 | 0 | |a eng | |
| 044 | |a US | ||
| 245 | 1 | 0 | |a <The> Strategic Management of Technological Innovation |c Edit. Ray Loveridge, Martyn Pitt |
| 250 | |a 1. ed. | ||
| 264 | 1 | |a Chichester |b Wiley and Sons |c 1990 | |
| 300 | |a 404 s. | ||